| 000 | 00592nam a2200241Ia 4500 | ||
|---|---|---|---|
| 008 | 190123s9999 xx 000 0 und d | ||
| 020 | _a9780545033466 | ||
| 050 | _bW944 2011 | ||
| 100 | _aWrede, Patricia C. | ||
| 245 | 0 | _aAcross the great barrier / | |
| 245 | 0 | _cby Patricia C. Wrede. | |
| 260 | _aNew York, New York : | ||
| 260 | _bScholastic, | ||
| 260 | _c2011 | ||
| 300 | _a339 pages : | ||
| 300 | _bcolored illustrations ; | ||
| 300 | _c20cm. | ||
| 500 | _a1020L | ||
| 650 | _aFrontier and pioneer life. | ||
| 650 | _aMagic. | ||
| 650 | _aTwins. | ||
| 700 | _aTitle. | ||
| 999 |
_c361248 _d361248 |
||